000 00530nam a22001817a 4500
003 CEME
005 20210628201803.0
008 210216b xxu||||| |||| 00| 0 eng d
020 _a81-7656-375-7
040 _c.
082 _a005.133-C CHA
100 _aChattopadhyay, Samiran Chattopadhyay, Matangini Dastidar, Debabrata Ghosh
_956838
245 _aData structures through c language
260 _aNEW DELHI
_bBPB PUBLISHER
_c2001
300 _aVIII,494P
650 _aC- COMPUTER PROGRAM LANGUAGE
_91810
942 _cBK
_2ddc
999 _c567176
_d567176